MARC details
| 000 -CABECERA |
| campo de control de longitud fija |
00939nam a2200277 a 4500 |
| 001 - NÚMERO DE CONTROL |
| campo de control |
000012033 |
| 005 - FECHA Y HORA DE LA ÚLTIMA TRANSACCIÓN |
| campo de control |
20250218125614.0 |
| 008 - DATOS DE LONGITUD FIJA--INFORMACIÓN GENERAL |
| campo de control de longitud fija |
091103s1998 mx 001 f spa d |
| 020 ## - NÚMERO INTERNACIONAL ESTÁNDAR DEL LIBRO |
| Número Internacional Estándar del Libro |
9681905245 |
| 040 ## - FUENTE DE LA CATALOGACIÓN |
| Centro catalogador/agencia de origen |
DO-SdBNP |
| Lengua de catalogación |
spa |
| Centro/agencia transcriptor |
BNPHU |
| 041 17 - CÓDIGO DE LENGUA |
| Código de lengua del texto/banda sonora o título independiente |
spa |
| Código de lengua original |
por |
| Fuente del código |
Código de idioma MARC |
| 082 ## - NÚMERO DE LA CLASIFICACIÓN DECIMAL DEWEY |
| Número de clasificación |
B869.34 |
| Número de documento/Ítem |
S243v |
| 049 ## - FONDOS LOCALES (OCLC) |
| Fondos de biblioteca |
BNGR |
| 100 1# - ENTRADA PRINCIPAL--NOMBRE DE PERSONA |
| Nombre de persona |
Saramago, José, |
| Fechas asociadas al nombre |
1922-2010 |
| 9 (RLIN) |
12950 |
| 240 10 - TÍTULO UNIFORME |
| Título uniforme |
Viagem a Portugal. |
| Lenguaje de la obra |
Español |
| 245 10 - MENCIÓN DE TÍTULO |
| Título |
Viaje a Portugal / |
| Mención de responsabilidad, etc. |
José Saramago ; traducción de Basilio Losada. |
| 260 ## - PUBLICACIÓN, DISTRIBUCIÓN, ETC. |
| Lugar de publicación, distribución, etc. |
México : |
| Nombre del editor, distribuidor, etc. |
Alfaguara, |
| Fecha de publicación, distribución, etc. |
1998. |
| 300 ## - DESCRIPCIÓN FÍSICA |
| Extensión |
364 ; |
| Dimensiones |
24cm. |
| 534 ## - NOTA SOBRE LA VERSIÓN ORIGINAL |
| Frase introductoria |
Título original en portugués: |
| Mención de título del original |
Viagem a portugal |
| Publicación, distribución, etc. del original |
Lisboa : Caminho, 1998. |
| 500 ## - NOTA GENERAL |
| Nota general |
Primera reimpresión, diciembre 1998 |
| 650 #4 - PUNTO DE ACCESO ADICIONAL DE MATERIA--TÉRMINO DE MATERIA |
| Término de materia o nombre geográfico como elemento de entrada |
Novela portuguesa |
| 9 (RLIN) |
12951 |
| 650 #4 - PUNTO DE ACCESO ADICIONAL DE MATERIA--TÉRMINO DE MATERIA |
| Término de materia o nombre geográfico como elemento de entrada |
Literatura portuguesa |
| Subdivisión cronológica |
SIGLO XX |
| 9 (RLIN) |
13685 |
| 651 #4 - PUNTO DE ACCESO ADICIONAL DE MATERIA--NOMBRE GEOGRÁFICO |
| Nombre geográfico |
Portugal |
| Subdivisión general |
Descripciones Y Viajes |
| 9 (RLIN) |
28458 |
| 700 1# - PUNTO DE ACCESO ADICIONAL--NOMBRE DE PERSONA |
| Nombre de persona |
Losada, Basilio, |
| Término indicativo de función/relación |
tr. |
| 9 (RLIN) |
12953 |
| 910 ## - DATOS DE OPCIÓN DEL USUARIO (OCLC) |
| Datos de opción del usuario |
WM |